|
|
|
|
| LEADER |
00000nab a2200000 a 4500 |
| 001 |
vtls000450863 |
| 003 |
SK-MaSNL |
| 005 |
20260303210727.0 |
| 008 |
120926c1992 xo 0 slo |
| 015 |
|
|
|a SNBRB19rr/mm-uuuuu
|
| 035 |
|
|
|a CL0450994
|
| 040 |
|
|
|a SNKBUCL
|b slo
|c SNKBUCL
|e AACR2
|
| 041 |
0 |
|
|a slo
|
| 044 |
|
|
|a xo
|c SK
|
| 080 |
|
|
|a 379.82:7.077
|2 1981
|
| 080 |
|
|
|a 7.077
|2 1981
|
| 080 |
|
|
|a 73/76.077
|2 1981
|
| 080 |
|
|
|a 77.04
|2 1981
|
| 080 |
|
|
|a 791.43.073
|2 1981
|
| 100 |
1 |
|
|a Gyén, Ján
|4 aut
|9 464152
|
| 245 |
1 |
0 |
|a Priestor tvorivému mysleniu
|c Ján Gyén
|
| 300 |
|
|
|b Fot. 2.
|
| 650 |
0 |
7 |
|a voľný čas
|2 snkbucl
|9 3355
|
| 650 |
0 |
7 |
|a činnosť záujmová umelecká
|2 snkbucl
|9 882657
|
| 650 |
0 |
7 |
|a výtvarníctvo amatérske
|2 snkbucl
|9 880041
|
| 650 |
0 |
7 |
|a amatérska fotografia
|2 snkbucl
|9 72795
|
| 650 |
0 |
7 |
|a amatérsky film
|2 snkbucl
|9 74939
|
| 655 |
|
7 |
|a články z novín a časopisov
|2 snkbucl
|9 267496
|
| 773 |
0 |
|
|t Národná osveta
|g Roč. 2, č. 1 (1992), s. 14-15
|
| 850 |
|
|
|a Slovenská národná knižnica v Martine
|a MTA001
|
| 852 |
|
|
|a SNK
|b KIS3GCP
|
| 958 |
|
|
|a RK
|
| 992 |
|
|
|a RBX
|
| 999 |
|
|
|c 2201401
|d 2203331
|